| 000 | 00497nam a2200193 a 4500 | ||
|---|---|---|---|
| 001 | 1770813380228 | ||
| 003 | YourLibrary | ||
| 005 | 20260211180753.0 | ||
| 008 | 260211s2007##################000#0#eng## | ||
| 020 | _a9780691130392 | ||
| 082 | 0 | 4 |
_a306.709 _bHER |
| 100 | 1 |
_aHerzog, Dagmar, _eauthor. |
|
| 245 | 1 | 0 | _aSex after Fascism : |
| 260 |
_bPrinceton University Press, _c2007. |
||
| 300 | _a369 pages | ||
| 650 | 0 | _aHistory. | |
| 942 | _cENGLISH | ||
| 040 |
_aYourLibrary _beng _cYourLibrary |
||
| 999 |
_c611899 _d611899 |
||